• 首页
  • 本馆介绍
  • 公告通知
  • 最新文献
  • 馆藏检索
  • 电子资源
  • 读者导购
  • 参考咨询
  • 我的图书馆
  • 登录
  • 详细信息显示
  • 放入我的书架
  • 预约/预借图书
  • 作者相关作品
  • 分类相关作品
  • 丛书相关作品
  • 出版社相关作品

书目信息

  • 表格格式
  • 工作单格式
  • 卡片格式
题名:
长跑卫生
    
 
作者: 董天恩 编著
分册:  
出版信息: 北京   人民体育出版社  1978
页数: 79页
开本: 19cm
丛书名:
单 册:
中图分类: G822.301
科图分类:
主题词: 长跑--基本知识 , 田径运动
电子资源:
ISBN:
000 00589nam0 2200229 45
001 0178004958
005 20060814155002.64
010    @dCNY0.18
091    @a7015.1645
100    @a19950717d1978 em y0chiy0121 ea
101 0  @achi
102    @aCN@b110000
105    @ay z 000yy
200 10 @a长跑卫生@Achang pao wei sheng@f董天恩编著
210    @a北京@c人民体育出版社@d1978
215    @a79页@d19cm
606    @a长跑@x基本知识
606 0  @a田径运动
690    @aG822.301
701  0 @a董天恩@Adong tian en@4编著
801  0 @aCN@bNLC@c20060814
905    @f3@b178180-182@dG822.301@e20
    
    长跑卫生/董天恩编著.-北京:人民体育出版社,1978
    79页;19cm
    
    
    ISBN :CNY0.18
    
●
相关链接 在E读中查询图书 在五车中查询图书 在当当中查询图书 在豆瓣中查询图书


正题名:长跑卫生     索取号:G822.301/20         预约/预借

序号 登录号 条形码 馆藏地/架位号 状态 备注
1 0178180   000996177   密集书库/ [索取号:G822.301/20] 在馆    
2 0178181   000996248   密集书库/ [索取号:G822.301/20] 在馆    
3 0178182   000996220   密集书库/ [索取号:G822.301/20] 在馆    
4 0178183   000996239   第一样本阅览室/ [索取号:G822.301/20] 在馆    
5 0440926   204409265   密集书库/ [索取号:G822.301/20] 在馆    
6 0446799   204467996   密集书库/ [索取号:G822.301/20] 在馆    
7 0447294   204472944   密集书库/ [索取号:G822.301/20] 在馆    
8 0459835   204598355   密集书库/ [索取号:G822.301/20] 在馆    
9 0459836   204598364   密集书库/ [索取号:G822.301/20] 在馆    
10 0459837   204598373   密集书库/ [索取号:G822.301/20] 在馆    
11 0459838   204598382   密集书库/ [索取号:G822.301/20] 在馆    
12 0459839   204598391   密集书库/ [索取号:G822.301/20] 在馆    
13 0459840   204598408   密集书库/ [索取号:G822.301/20] 在馆    
14 0459841   204598417   密集书库/ [索取号:G822.301/20] 在馆    
唐山师范学院图书馆 欢迎您!
大连网信软件有限公司© 版权所有